Actores de "El Chavo del Ocho" - Estadísticas

Estadísticas generales
  • Esta prueba ha sido intentada 130 veces
  • La puntuación promedio es 8 de 10
Estadísticas de respuestas
Personaje Actor/Actriz % Correcto
El Chavo Roberto Gómez Bolaños
96%
La Chilindrina/Doña Nieves Maria Antonieta de las Nieves
92%
Doña Florinda/La Popis Florinda Meza
90%
Don Ramón Ramón Valdes
85%
Profesor Jirafales Rubén Aguirre
81%
Quico Carlos Villagrán
79%
Señor Barriga/Ñono Edgar Vivar
78%
Doña Clotilde/La Bruja del 71 Angelines Fernández
68%
Godinez Horacio Gómez Bolaños
53%
Jaimito el Cartero Raul Padilla
53%
No se encontraron pruebas coincidentes
Distribución de puntuación
Porcentaje de gente con cada puntuación
Porcentaje por número respondido
Historial de tus puntuaciones
No has intentado esta prueba.